000 01290nam2a22002411 4500
001 v19\rc\1639358
005 20250618235537.0
035 _a(NLR Aleph) 004752941
090 _a4545924
_c4545924
100 _a20061002d1902 |||y0rusy50 ca
101 0 _arus
102 _aRU
105 _ay z |||||
200 0 _a... за 1901 год
210 _d1902
_aБ. м.
215 _a31 с.
461 0 _1001v19\rc\1639355
_12001#$aОтчет Рязанского местного комитета Общества Красного креста по Рязанской общине сестер милосердия во имя св. великомученицы Екатерины...$v... за 1901 год
_94545911
_aРоссийское общество Красного креста. Рязанский местный комитет
_cРязань
_d1900-1914
_tОтчет Рязанского местного комитета Общества Красного креста по Рязанской общине сестер милосердия во имя св. великомученицы Екатерины...
_v... за 1901 год
801 0 _aRU
_bNLR
_gpsbo
801 0 _aRU
_bRuMoRGB
_2psbo
801 1 _aRU
_bProSoft-M
_2rusmarc
852 _aNLR
_j18.312.7.19
942 _cBOOK
980 _aNB